000 00337pab a2200145 454500
008 180718b1989 xxu||||| |||| 00| 0 eng d
100 _aNair, G.Ravindran
245 _aJawaharlal Nehru on human resources
260 _c1989
300 _a2-3,30
362 _aNov.
650 _aPersonnel
773 _aSocial Welfare
909 _a14824
999 _c14824
_d14824